Three Missing Letters - Statistics

General Stats
  • This quiz has been taken 164 times
    11 since last reset
  • The average score is 8 of 15
Answer Stats
Hint Answer % Correct
Z___OGY; W___LY; T___BAR OOL
100%
PL___; S___TUOUS; ASS___TION UMP
91%
SU___NCT; VA___NE; A___DENT CCI
82%
G___E; PAV___A; S___ENLY LOV
73%
P___LES; ___S; W___ED EBB
64%
TRA___ED; SOL___ISTIC; G___Y IPS
64%
___ROID; STEAL___; AIRWOR___ THY
64%
EIG___; IC___YOID; DIP___ONGS HTH
55%
GA___Y; F___; PARAL___ LAX
55%
RUM___E; I___ERY; ___NUM MAG
55%
C___Y; B___IL; ___OR RAZ
45%
HE___; ___EM; ___OPHONIST XYL
27%
E___; QUE___; ___NDETON ASY
18%
RES___; ___ITION; DE___ING IGN
18%
CA___E; ___LITY; FRI___ JOL
9%
No matching quizzes found
Score Distribution
Percent of People with Each Score
Percentile by Number Answered
Your Score History
You have not taken this quiz since the last reset